[Event "5. Bayer Open"]
[Site "Leverkusen"]
[Date "2008.02.25"]
[Round "4"]
[White "Ljuboschiz, Alexander"]
[Black "Schimpf, Rolf"]
[Result "1-0"]
[WhiteElo "2141"]
[BlackElo "1811"]
[PlyCount "63"]
[EventDate "2008.01.14"]
[EventType "swiss"]
[EventRounds "7"]
[EventCountry "GER"]
[Source "Birnkott,Manfre"]
[SourceDate "2008.04.23"]

1. e4 d5 2. exd5 Qxd5 3. Nc3 Qa5 4. d4 c6 5. Nf3 Nf6 6. Bd2 Qc7 7. Bc4 Bf5 8.
Ne5 e6 9. g4 Bg6 10. h4 Be4 11. Nxe4 Nxe4 12. Bf4 Nd6 13. Bb3 Nd7 14. Qe2 Nxe5
15. Bxe5 O-O-O 16. O-O-O Qd7 17. c4 f6 18. Bg3 Ne8 19. c5 Nc7 20. Bxc7 Qxc7 21.
Bxe6+ Kb8 22. Rhe1 g6 23. Qf3 Bh6+ 24. Kb1 Bf4 25. Re4 g5 26. Bf5 Rhe8 27. h5
Re7 28. Rde1 Rxe4 29. Qxe4 h6 30. Qe6 Rxd4 31. Qg8+ Rd8 32. Re8 1-0

[Event "5. Bayer Open"]
[Site "Leverkusen"]
[Date "2008.02.25"]
[Round "4"]
[White "Lommen, Frank"]
[Black "Gnass, Arno"]
[Result "1-0"]
[WhiteElo "2025"]
[BlackElo "1639"]
[PlyCount "55"]
[EventDate "2008.01.14"]
[EventType "swiss"]
[EventRounds "7"]
[EventCountry "GER"]
[Source "Birnkott,Manfre"]
[SourceDate "2008.04.23"]

1. Nf3 d5 2. c4 c6 3. Qc2 Nf6 4. g3 g6 5. b3 Bg7 6. Bb2 O-O 7. d3 Na6 8. a3 Bf5
9. Nbd2 Qc8 10. h3 Re8 11. Bg2 Qc7 12. O-O e5 13. e4 dxe4 14. dxe4 Bd7 15. b4
Rad8 16. c5 b5 17. cxb6 axb6 18. Nc4 Nh5 19. Ne3 Qc8 20. Kh2 f5 21. Nc4 Qb8 22.
Rad1 fxe4 23. Ng5 e3 24. Nxe3 Nc7 25. Bxc6 Re7 26. Bxd7 Rdxd7 27. Qc4+ Kf8 28.
Nxh7+ 1-0

[Event "5. Bayer Open"]
[Site "Leverkusen"]
[Date "2008.02.25"]
[Round "4"]
[White "Karwatzki, Hans-Jürgen"]
[Black "Peschel, Andreas"]
[Result "0-1"]
[WhiteElo "1601"]
[BlackElo "2099"]
[PlyCount "64"]
[EventDate "2008.01.14"]
[EventType "swiss"]
[EventRounds "7"]
[EventCountry "GER"]
[Source "Birnkott,Manfre"]
[SourceDate "2008.04.23"]

1. e4 c5 2. c3 Nf6 3. e5 Nd5 4. Bc4 Qc7 5. Nf3 Nb6 6. Bb3 c4 7. Bc2 d6 8. exd6
Qxd6 9. O-O g6 10. Na3 Bg7 11. Nb5 Qc5 12. Nbd4 O-O 13. b4 Qh5 14. Re1 Bg4 15.
Rxe7 Bxd4 16. cxd4 Nc6 17. Re4 f5 18. Re3 Nxd4 19. Bb2 Bxf3 20. gxf3 Rad8 21.
f4 Qh4 22. Bxd4 Rxd4 23. Rf3 Nd5 24. Kh1 Qg4 25. Rg3 Qxd1+ 26. Rxd1 Nxb4 27.
Bb1 Nd5 28. h4 Nxf4 29. Re3 Nd5 30. Re5 Rxh4+ 31. Kg1 Rd4 32. d3 Nc3 0-1

[Event "5. Bayer Open"]
[Site "Leverkusen"]
[Date "2008.02.18"]
[Round "4"]
[White "Hirth, Ulrich"]
[Black "Witte, Thomas"]
[Result "1-0"]
[WhiteElo "2208"]
[BlackElo "1645"]
[PlyCount "97"]
[EventDate "2008.01.14"]
[EventType "swiss"]
[EventRounds "7"]
[EventCountry "GER"]
[Source "Birnkott,Manfre"]
[SourceDate "2008.04.23"]

1. d4 Nf6 2. c4 e5 3. dxe5 Ne4 4. Nd2 Bb4 5. Ngf3 Nc6 6. e3 Qe7 7. Be2 Nxd2 8.
Bxd2 Nxe5 9. Nxe5 Bxd2+ 10. Qxd2 Qxe5 11. O-O O-O 12. Qd4 Qxd4 13. exd4 d6 14.
c5 d5 15. Bf3 c6 16. b4 Be6 17. a4 a6 18. Rab1 Rfe8 19. Rb2 Bf5 20. Be2 Re7 21.
Rd1 f6 22. Kf1 Kf7 23. Rdd2 Ke8 24. Rb3 Kd8 25. f3 Kc7 26. Kf2 Rb8 27. b5 axb5
28. axb5 cxb5 29. Rxb5 Bd7 30. Ra5 Bc6 31. Rb2 Kd8 32. Bb5 Bxb5 33. Raxb5 Rc7
34. Rb6 Kc8 35. Re6 Kd8 36. Rbe2 Rbc8 37. Re8+ Kd7 38. R2e7+ Kc6 39. Rxc8 Rxc8
40. Rxg7 b6 41. cxb6 Kxb6 42. Rxh7 Rc2+ 43. Kg3 Rd2 44. Rh4 Kb5 45. Rf4 Kc4 46.
h4 Rxd4 47. Rxd4+ Kxd4 48. h5 Ke5 49. h6 1-0

[Event "5. Bayer Open"]
[Site "Leverkusen"]
[Date "2008.02.25"]
[Round "4"]
[White "Simon, Martin"]
[Black "Görke, Joachim"]
[Result "0-1"]
[WhiteElo "1941"]
[BlackElo "2103"]
[PlyCount "72"]
[EventDate "2008.01.14"]
[EventType "swiss"]
[EventRounds "7"]
[EventCountry "GER"]
[Source "Birnkott,Manfre"]
[SourceDate "2008.04.23"]

1. c4 Nf6 2. Nc3 g6 3. d4 d5 4. cxd5 Nxd5 5. e4 Nxc3 6. bxc3 Bg7 7. Bc4 O-O 8.
Ne2 c5 9. O-O cxd4 10. cxd4 Nc6 11. Be3 Bg4 12. f3 Na5 13. Bd3 Be6 14. Qa4 a6
15. Nf4 b5 16. Nxe6 fxe6 17. Qb4 Nc6 18. Qb3 Nxd4 19. Qd1 Qa5 20. Qe1 Qa3 21.
Qd2 Nb3 22. axb3 Bxa1 23. Bc2 Rfd8 24. Qf2 Rac8 25. Rd1 Qb2 26. Rxd8+ Rxd8 27.
Kf1 Rc8 28. Bd1 Qxf2+ 29. Bxf2 a5 30. Ke2 e5 31. Kd3 Bd4 32. Be1 Rc1 33. Ke2
Ra1 34. Bc2 a4 35. Bb4 a3 36. Bd2 a2 0-1

[Event "5. Bayer Open"]
[Site "Leverkusen"]
[Date "2008.02.25"]
[Round "4"]
[White "Vasiljev, Jurij"]
[Black "Huppertz, Andrea"]
[Result "1-0"]
[WhiteElo "2062"]
[BlackElo "1719"]
[PlyCount "59"]
[EventDate "2008.01.14"]
[EventType "swiss"]
[EventRounds "7"]
[EventCountry "GER"]
[Source "Birnkott,Manfre"]
[SourceDate "2008.04.23"]

1. d4 d5 2. c4 c6 3. Nf3 Nf6 4. Nc3 a6 5. cxd5 cxd5 6. Qb3 e6 7. Bg5 Be7 8. e3
O-O 9. Bd3 Nbd7 10. O-O h6 11. Bh4 b5 12. Rac1 Nb6 13. a4 b4 14. Bxf6 gxf6 15.
Ne2 a5 16. Qd1 Kg7 17. b3 Rg8 18. Ng3 Bd6 19. Nh5+ Kf8 20. e4 e5 21. Qd2 Rg5
22. Nxg5 hxg5 23. dxe5 Bxe5 24. Qe2 Qd6 25. Ng3 Bb7 26. Nf5 Bxh2+ 27. Kh1 Qe5
28. Qh5 Ke8 29. Qxh2 dxe4 30. Bb5+ 1-0

[Event "5. Bayer Open"]
[Site "Leverkusen"]
[Date "2008.02.25"]
[Round "4"]
[White "Wulfken, Christof"]
[Black "Weinmann-Musset, Manfred"]
[Result "1-0"]
[WhiteElo "1946"]
[BlackElo "1854"]
[PlyCount "101"]
[EventDate "2008.01.14"]
[EventType "swiss"]
[EventRounds "7"]
[EventCountry "GER"]
[Source "Birnkott,Manfre"]
[SourceDate "2008.04.23"]

1. d4 f5 2. c4 Nf6 3. Nf3 g6 4. Nc3 Bg7 5. Qc2 c6 6. Bd2 d6 7. e4 fxe4 8. Nxe4
Nxe4 9. Qxe4 Bf5 10. Qe3 O-O 11. Bd3 Bxd3 12. Qxd3 Nd7 13. O-O e5 14. Bg5 Qc7
15. Rad1 Rxf3 16. Qxf3 exd4 17. Qg3 c5 18. Rfe1 Ne5 19. b3 Qf7 20. Re4 h6 21.
Bc1 Rf8 22. Rf4 Bf6 23. Re4 Kh7 24. f3 g5 25. h4 gxh4 26. Qf4 Bg5 27. Qxf7+
Rxf7 28. f4 Bf6 29. fxe5 dxe5 30. Rf1 Kg6 31. Rg4+ Kh5 32. Rg8 h3 33. g3 Rg7
34. Rxg7 Bxg7 35. Rf7 Kg6 36. Rxb7 e4 37. Re7 e3 38. Kh2 Bf6 39. Re8 Bg5 40.
Kxh3 Kf5 41. b4 cxb4 42. c5 e2 43. Bxg5 hxg5 44. Rxe2 d3 45. Re3 g4+ 46. Kg2 a5
47. Rxd3 a4 48. c6 Ke4 49. Rd8 b3 50. axb3 axb3 51. c7 1-0

[Event "5. Bayer Open"]
[Site "Leverkusen"]
[Date "2008.02.25"]
[Round "4"]
[White "van Kempen, Heinz"]
[Black "Kies, Werner"]
[Result "1-0"]
[WhiteElo "1722"]
[BlackElo "1968"]
[PlyCount "101"]
[EventDate "2008.01.14"]
[EventType "swiss"]
[EventRounds "7"]
[EventCountry "GER"]
[Source "Birnkott,Manfre"]
[SourceDate "2008.04.23"]

1. c4 g6 2. Nc3 Bg7 3. g3 d6 4. Bg2 f5 5. e4 fxe4 6. Nxe4 Nc6 7. Nf3 e5 8. d3
Nf6 9. Bg5 h6 10. Nxf6+ Bxf6 11. Bxf6 Qxf6 12. O-O O-O 13. Qd2 Kg7 14. Ne1 g5
15. Nc2 Bg4 16. Ne3 Bf3 17. Nd5 Qd8 18. Bxf3 Rxf3 19. Nc3 Qf6 20. Rae1 Rf8 21.
Re3 Nd4 22. Nb5 Rxe3 23. Qxe3 Nf3+ 24. Kg2 c6 25. Nc3 g4 26. Ne4 Qg6 27. Rh1
Nd4 28. Nd2 Rf5 29. h4 b6 30. a4 h5 31. Rc1 Qf7 32. Ne4 Qd7 33. Ng5 Ne6 34.
Nxe6+ Qxe6 35. d4 Qf6 36. dxe5 Rxe5 37. Qc3 Re2 38. Qxf6+ Kxf6 39. b3 Ke5 40.
Rd1 d5 41. cxd5 cxd5 42. Kf1 Rc2 43. Re1+ Kd4 44. Rd1+ Kc5 45. Re1 Rc3 46. Re5
Rxb3 47. Rxh5 Rb4 48. Rg5 Re4 49. h5 Kc4 50. h6 Re6 51. h7 1-0

[Event "5. Bayer Open"]
[Site "Leverkusen"]
[Date "2008.02.25"]
[Round "4"]
[White "Böhm, Stefan"]
[Black "Krämer, Detlef"]
[Result "0-1"]
[WhiteElo "2010"]
[BlackElo "1882"]
[PlyCount "78"]
[EventDate "2008.01.14"]
[EventType "swiss"]
[EventRounds "7"]
[EventCountry "GER"]
[Source "Birnkott,Manfre"]
[SourceDate "2008.04.23"]

1. d4 d5 2. c4 c6 3. Nc3 Nf6 4. Bg5 Bf5 5. Bxf6 gxf6 6. cxd5 cxd5 7. Qb3 Nc6 8.
e3 e6 9. Qxb7 Rc8 10. Bb5 Qc7 11. Qxc7 Rxc7 12. Rc1 Kd7 13. Nge2 Bd6 14. f3 Rb8
15. e4 Bg6 16. b3 Bb4 17. O-O Kd6 18. Ba4 a6 19. exd5 Nxd4 20. Ne4+ Bxe4 21.
Rxc7 Nxe2+ 22. Kh1 Kxc7 23. fxe4 Kd6 24. Rxf6 Rc8 25. Bc6 Ke7 26. Rh6 Nd4 27.
Rxh7 Nxc6 28. dxc6 Rxc6 29. h4 Bd6 30. g4 Rc2 31. g5 Kf8 32. h5 Rxa2 33. g6
fxg6 34. hxg6 Be5 35. Rb7 a5 36. Rf7+ Ke8 37. Ra7 Rh2+ 38. Kg1 Bd4+ 39. Kxh2
Bxa7 0-1

[Event "5. Bayer Open"]
[Site "Leverkusen"]
[Date "2008.02.25"]
[Round "4"]
[White "Wieland, Ingo"]
[Black "Buchkremer, Felix"]
[Result "0-1"]
[WhiteElo "1664"]
[BlackElo "2036"]
[PlyCount "62"]
[EventDate "2008.01.14"]
[EventType "swiss"]
[EventRounds "7"]
[EventCountry "GER"]
[Source "Birnkott,Manfre"]
[SourceDate "2008.04.23"]

1. e4 e6 2. d4 d5 3. Nd2 Nf6 4. e5 Nfd7 5. Bd3 c5 6. c3 Nc6 7. Ne2 Qb6 8. Nf3
cxd4 9. cxd4 f6 10. exf6 Nxf6 11. O-O Bd6 12. Rb1 Nb4 13. a3 Nxd3 14. Qxd3 O-O
15. Bf4 Bxf4 16. Nxf4 Bd7 17. Rfe1 Ne4 18. Ne2 Be8 19. b4 Bh5 20. Qe3 Rf6 21.
Ng3 Bxf3 22. gxf3 Nd6 23. Rbc1 Raf8 24. Rc3 Nc4 25. Rxc4 dxc4 26. Qe5 Qc6 27.
Re4 c3 28. Rg4 c2 29. Ne2 Qxf3 30. Qg3 Qxg3+ 31. Rxg3 Rxf2 0-1

[Event "5. Bayer Open"]
[Site "Leverkusen"]
[Date "2008.02.25"]
[Round "4"]
[White "Schmitz, Andreas"]
[Black "Becker, Rainer"]
[Result "1/2-1/2"]
[WhiteElo "1845"]
[BlackElo "1979"]
[PlyCount "102"]
[EventDate "2008.01.14"]
[EventType "swiss"]
[EventRounds "7"]
[EventCountry "GER"]
[Source "Birnkott,Manfre"]
[SourceDate "2008.04.23"]

1. Nf3 c5 2. c4 Nc6 3. g3 g6 4. Bg2 Bg7 5. a3 a6 6. Nc3 Rb8 7. d3 d6 8. Rb1 Bd7
9. Bd2 b5 10. cxb5 axb5 11. b4 cxb4 12. axb4 f5 13. Qb3 e6 14. O-O Nf6 15. e3
O-O 16. Ng5 d5 17. f4 h6 18. Nf3 Ne8 19. Ne2 Qb6 20. Kh1 Kh7 21. h3 Nd6 22. Ne1
Be8 23. Nc2 Bf7 24. Bc3 Bxc3 25. Qxc3 Rbc8 26. Qd2 e5 27. fxe5 Nxe5 28. Ncd4
Rfe8 29. Rfc1 Nc6 30. Nxc6 Rxc6 31. Nd4 Rcc8 32. Rxc8 Rxc8 33. Rc1 Qd8 34. Rxc8
Qxc8 35. Kg1 Kg7 36. Qb2 Kf8 37. Nf3 Qe6 38. Qe5 Qxe5 39. Nxe5 d4 40. Nxf7 Kxf7
41. exd4 Ke7 42. Kf2 Kf6 43. Bc6 g5 44. Ke3 Ke6 45. Kf3 Kf6 46. h4 Ke6 47. hxg5
hxg5 48. Ke3 Kf6 49. d5 Ke5 50. d4+ Kf6 51. Bd7 Ke7 1/2-1/2

[Event "5. Bayer Open"]
[Site "Leverkusen"]
[Date "2008.02.25"]
[Round "4"]
[White "Blomeyer, Peter"]
[Black "Pützkaul, Karl"]
[Result "1-0"]
[WhiteElo "1855"]
[BlackElo "1853"]
[PlyCount "177"]
[EventDate "2008.01.14"]
[EventType "swiss"]
[EventRounds "7"]
[EventCountry "GER"]
[Source "Birnkott,Manfre"]
[SourceDate "2008.04.23"]

1. c4 Nf6 2. Nc3 e5 3. g3 d5 4. cxd5 Nxd5 5. Bg2 Nb6 6. d3 Be7 7. Nf3 Nc6 8.
O-O O-O 9. a3 Be6 10. b4 f6 11. Ne4 a5 12. b5 Nd4 13. Nxd4 exd4 14. Qc2 Bd5 15.
Bf4 c6 16. bxc6 Bxc6 17. Bd2 f5 18. Ng5 Bxg2 19. Kxg2 Qd5+ 20. Nf3 Nd7 21. Qa2
Qxa2 22. Rxa2 Bc5 23. Rb1 b6 24. a4 Rfe8 25. Bf4 h6 26. h4 Re6 27. Rc2 Rae8 28.
Kf1 Nf6 29. Bc1 Nd5 30. Bb2 Nb4 31. Rd2 Rd8 32. Rc1 Red6 33. Ba3 Rd5 34. Rc4
Kf7 35. Rd1 g6 36. Bc1 Kg7 37. Bb2 Kf7 38. Ra1 Nc6 39. Nd2 Ne5 40. Rc2 R8d6 41.
Nb3 Nd7 42. Bc1 Kg7 43. Ba3 Bxa3 44. Rxa3 Kf6 45. Ra1 g5 46. hxg5+ hxg5 47.
Rac1 b5 48. Nxa5 bxa4 49. Nc4 Ra6 50. Rb1 Ke6 51. Ra2 Nc5 52. Rb4 Rd7 53. Rb5
Rc7 54. Ke1 Nd7 55. Kd2 Rca7 56. g4 fxg4 57. Rxg5 Nf6 58. e3 dxe3+ 59. fxe3 a3
60. e4 Rh7 61. Rxa3 Rxa3 62. Nxa3 Rh2+ 63. Ke3 Rh3+ 64. Kd4 g3 65. Nc4 Nh5 66.
Ne3 Nf4 67. Kc4 g2 68. Nxg2 Nxd3 69. Kd4 Rf3 70. Rg6+ Ke7 71. Rb6 Nf4 72. Nxf4
Rxf4 73. Kd5 Rf2 74. Rb7+ Kd8 75. e5 Rd2+ 76. Ke6 Rh2 77. Rg7 Rh6+ 78. Kd5 Ke8
79. Ra7 Rh5 80. Kd6 Rh6+ 81. e6 Kf8 82. Ra8+ Kg7 83. Ke7 Rh7 84. Rf8 Kg6+ 85.
Rf7 Rh8 86. Rf1 Rh7+ 87. Kd8 Rh8+ 88. Kd7 Rh7+ 89. e7 1-0

[Event "5. Bayer Open"]
[Site "Leverkusen"]
[Date "2008.02.25"]
[Round "4"]
[White "Birnkott, Manfred"]
[Black "Remmler, Dirk"]
[Result "1-0"]
[WhiteElo "1944"]
[BlackElo "1761"]
[PlyCount "83"]
[EventDate "2008.01.14"]
[EventType "swiss"]
[EventRounds "7"]
[EventCountry "GER"]
[Source "Birnkott,Manfre"]
[SourceDate "2008.04.23"]

1. e4 e6 2. d4 d5 3. Nc3 Bb4 4. Nge2 Ne7 5. a3 Bxc3+ 6. Nxc3 Nbc6 7. Be3 dxe4
8. Nxe4 Nf5 9. c3 Nxe3 10. fxe3 Qh4+ 11. Ng3 O-O 12. Bd3 Bd7 13. O-O e5 14. Nf5
Bxf5 15. Rxf5 g6 16. Rf3 Rad8 17. Qb3 Rd6 18. Raf1 Nd8 19. Bc4 Qe7 20. Qc2 Kg7
21. Qe4 f5 22. Qxe5+ Qxe5 23. dxe5 Rd2 24. e4 Rxb2 25. exf5 gxf5 26. Rxf5 Rxf5
27. Rxf5 Rb6 28. Rg5+ Kh6 29. Rg8 Rc6 30. Bd5 Rxc3 31. Rxd8 c6 32. Bg8 Rxa3 33.
Rd7 Re3 34. Re7 a5 35. Kf2 Re4 36. Bxh7 Rb4 37. Bd3 a4 38. Rh7+ Kg5 39. e6 Rf4+
40. Ke3 Rf6 41. Bc4 b5 42. e7 1-0

[Event "5. Bayer Open"]
[Site "Leverkusen"]
[Date "2008.02.25"]
[Round "4"]
[White "Fröhling, Ewald"]
[Black "Bigott, Martin"]
[Result "0-1"]
[WhiteElo "1559"]
[BlackElo "1691"]
[PlyCount "80"]
[EventDate "2008.01.14"]
[EventType "swiss"]
[EventRounds "7"]
[EventCountry "GER"]
[Source "Birnkott,Manfre"]
[SourceDate "2008.04.23"]

1. e4 Nf6 2. e5 Nd5 3. c4 Nb6 4. d4 d6 5. Nf3 Bg4 6. exd6 exd6 7. Bd3 Be7 8.
O-O Nc6 9. Be3 Qd7 10. a3 O-O-O 11. Nbd2 Bf6 12. Qc2 d5 13. c5 Nc4 14. Bxc4
dxc4 15. Qxc4 Nxd4 16. Nxd4 Bxd4 17. c6 Qxc6 18. Qxc6 bxc6 19. Nc4 Be2 20. Rfc1
Bxc4 21. Rxc4 Bxb2 22. Rb1 Bxa3 23. Rxc6 Rd6 24. Rc3 Rhd8 25. g3 Rd1+ 26. Rxd1
Rxd1+ 27. Kg2 Bb4 28. Rc4 a5 29. Bf4 Rd7 30. Kf3 Kb7 31. Ke4 Kb6 32. h4 c5 33.
Be3 Kb5 34. Rc2 a4 35. Bc1 a3 36. Ra2 Ka4 37. Bf4 Kb3 38. Re2 Re7+ 39. Kd3 Rxe2
40. Kxe2 a2 0-1

[Event "5. Bayer Open"]
[Site "Leverkusen"]
[Date "2008.02.25"]
[Round "4"]
[White "Wolfradt, Dirk"]
[Black "Liebsch, Ulrich"]
[Result "1/2-1/2"]
[WhiteElo "2063"]
[BlackElo "1732"]
[PlyCount "62"]
[EventDate "2008.01.14"]
[EventType "swiss"]
[EventRounds "7"]
[EventCountry "GER"]
[Source "Birnkott,Manfre"]
[SourceDate "2008.04.23"]

1. e4 d5 2. exd5 Qxd5 3. Nc3 Qa5 4. d4 Nf6 5. Nf3 Bg4 6. Be2 e6 7. O-O c6 8.
Ne5 Bxe2 9. Qxe2 Bb4 10. Bd2 O-O 11. a3 Bxc3 12. Bxc3 Qc7 13. Rae1 Nbd7 14. Bb4
Rfe8 15. Kh1 Nxe5 16. dxe5 Nd5 17. Bd6 Qa5 18. c4 Ne7 19. Bxe7 Rxe7 20. Rd1 Rd8
21. Rd3 Red7 22. b4 Qc7 23. Rfd1 h6 24. f4 a5 25. h3 axb4 26. axb4 Rxd3 27.
Rxd3 Qe7 28. b5 cxb5 29. cxb5 Rxd3 30. Qxd3 Qb4 31. g3 Qb2 1/2-1/2

[Event "5. Bayer Open"]
[Site "Leverkusen"]
[Date "2008.02.25"]
[Round "4"]
[White "Gülden, Ralf"]
[Black "Herrmann, Christoph"]
[Result "0-1"]
[WhiteElo "1699"]
[BlackElo "1842"]
[PlyCount "115"]
[EventDate "2008.01.14"]
[EventType "swiss"]
[EventRounds "7"]
[EventCountry "GER"]
[Source "Birnkott,Manfre"]
[SourceDate "2008.04.23"]

1. d4 Nf6 2. c4 c5 3. d5 b5 4. cxb5 a6 5. bxa6 g6 6. Nc3 Bxa6 7. Nf3 Bg7 8. g3
d6 9. Bg2 Nbd7 10. O-O O-O 11. Re1 Qa5 12. Bd2 Rfb8 13. Rb1 Nb6 14. b3 Bb7 15.
a4 Ne8 16. Nb5 Qa6 17. e4 c4 18. Bf1 Rc8 19. bxc4 Qxa4 20. Nxd6 exd6 21. Rxb6
Qxd1 22. Rxd1 Ba6 23. Bf4 Bxc4 24. Bxd6 Bxf1 25. Kxf1 Ra4 26. Rb8 Nxd6 27.
Rxc8+ Nxc8 28. e5 Nb6 29. d6 Nd7 30. Rc1 Ra8 31. Rc7 Rd8 32. Ke2 Nxe5 33. Nxe5
Bxe5 34. Rc6 Bxd6 35. h3 h5 36. Ra6 Re8+ 37. Kf3 Re6 38. Ra8+ Kg7 39. Ra4 Bc5
40. Ra2 g5 41. Rc2 Re5 42. Ra2 Rf5+ 43. Kg2 Rxf2+ 44. Rxf2 Bxf2 45. Kxf2 f5 46.
Kf3 Kf7 47. Kf2 Ke6 48. Kf3 Kd5 49. Ke3 Ke5 50. Ke2 Ke4 51. Kf2 f4 52. gxf4
Kxf4 53. Kg2 Ke3 54. Kg3 Ke2 55. Kg2 h4 56. Kh1 Kf3 57. Kh2 Kf2 58. Kh1 0-1

[Event "5. Bayer Open"]
[Site "Leverkusen"]
[Date "2008.02.25"]
[Round "4"]
[White "Granz, Thomas"]
[Black "Schüppen, Heinrich"]
[Result "1/2-1/2"]
[WhiteElo "1641"]
[BlackElo "1696"]
[PlyCount "23"]
[EventDate "2008.01.14"]
[EventType "swiss"]
[EventRounds "7"]
[EventCountry "GER"]
[Source "Birnkott,Manfre"]
[SourceDate "2008.04.23"]

1. e4 c6 2. Nf3 d5 3. exd5 cxd5 4. d4 Nc6 5. Be3 Bg4 6. Nbd2 Qb6 7. Rb1 e6 8.
Be2 Bd6 9. O-O Nf6 10. c4 Bxf3 11. Bxf3 Qc7 12. g3 1/2-1/2

[Event "5. Bayer Open"]
[Site "Leverkusen"]
[Date "2008.02.25"]
[Round "4"]
[White "Runte, Dirk"]
[Black "Romaker, Johann"]
[Result "0-1"]
[WhiteElo "1613"]
[BlackElo "1849"]
[PlyCount "56"]
[EventDate "2008.01.14"]
[EventType "swiss"]
[EventRounds "7"]
[EventCountry "GER"]
[Source "Birnkott,Manfre"]
[SourceDate "2008.04.23"]

1. e4 c6 2. d4 d5 3. exd5 cxd5 4. c4 Nf6 5. Nc3 Nc6 6. Be3 e6 7. Nf3 dxc4 8.
Bxc4 Bd6 9. O-O O-O 10. a3 a6 11. b4 b5 12. Bb3 Ne7 13. Bg5 Bb7 14. Bxf6 gxf6
15. Nh4 Qc7 16. Qg4+ Kh8 17. Qh3 Rg8 18. Rac1 Qb6 19. Ne2 Rg7 20. g3 f5 21. Ng2
Ng6 22. Nh4 Rag8 23. Nxg6+ Rxg6 24. d5 f4 25. Bc2 f5 26. dxe6 fxg3 27. hxg3
Bxg3 28. Bxf5 Bxf2+ 0-1

[Event "5. Bayer Open"]
[Site "Leverkusen"]
[Date "2008.02.25"]
[Round "4"]
[White "Brinkmann, Sven"]
[Black "van Kempen, Susanne"]
[Result "1-0"]
[WhiteElo "1814"]
[BlackElo "1550"]
[PlyCount "43"]
[EventDate "2008.01.14"]
[EventType "swiss"]
[EventRounds "7"]
[EventCountry "GER"]
[Source "Birnkott,Manfre"]
[SourceDate "2008.04.23"]

1. e4 e5 2. Nf3 Nc6 3. d4 exd4 4. Bc4 Be7 5. Nxd4 Ne5 6. Bb3 Nf6 7. f4 Nc6 8.
e5 Ne4 9. Nxc6 dxc6 10. Qf3 Nc5 11. O-O Nxb3 12. axb3 Qd5 13. Qf2 Bc5 14. Be3
Bxe3 15. Qxe3 c5 16. Nc3 Qd4 17. Qxd4 cxd4 18. Nb5 Kd7 19. Nxd4 c5 20. Nb5 a6
21. Rfd1+ Kc6 22. c4 1-0

[Event "5. Bayer Open"]
[Site "Leverkusen"]
[Date "2008.02.25"]
[Round "4"]
[White "Mummel, Christian"]
[Black "Balduan, Karl-Heinz"]
[Result "1-0"]
[WhiteElo "1756"]
[BlackElo "1427"]
[PlyCount "89"]
[EventDate "2008.01.14"]
[EventType "swiss"]
[EventRounds "7"]
[EventCountry "GER"]
[Source "Birnkott,Manfre"]
[SourceDate "2008.04.23"]

1. c4 c5 2. Nc3 d6 3. g3 Bd7 4. Bg2 Bc6 5. Nf3 e6 6. O-O Be7 7. d4 Bf6 8. d5
exd5 9. cxd5 Bd7 10. Bf4 Bxc3 11. bxc3 Bb5 12. Re1 Ne7 13. e4 O-O 14. Qb3 Ba6
15. Rad1 Ng6 16. Bc1 b6 17. c4 Nd7 18. Bb2 f6 19. Nd2 Qe8 20. f4 Rf7 21. h4 Re7
22. h5 Nxf4 23. gxf4 Qxh5 24. Qf3 Qe8 25. Bh3 Nf8 26. Kf2 b5 27. cxb5 Bxb5 28.
Rg1 Ba4 29. Rde1 Qb5 30. Bxf6 Rf7 31. Bc3 Qe8 32. Nc4 Qe7 33. Bf5 Bd7 34. Ne3
Re8 35. Bxd7 Qxd7 36. Nf5 Ng6 37. Rg4 Ref8 38. Kg3 Rxf5 39. exf5 Rxf5 40. Re6
Qf7 41. Qe4 Kf8 42. Bxg7+ Kxg7 43. Re7 Kh6 44. Rxf7 Rxf7 45. Qe6 1-0

[Event "5. Bayer Open"]
[Site "Leverkusen"]
[Date "2008.02.25"]
[Round "4"]
[White "Erdmann, Kristian"]
[Black "Beinert, Katharina"]
[Result "0-1"]
[WhiteElo "1741"]
[BlackElo "1382"]
[PlyCount "54"]
[EventDate "2008.01.14"]
[EventType "swiss"]
[EventRounds "7"]
[EventCountry "GER"]
[Source "Birnkott,Manfre"]
[SourceDate "2008.04.23"]

1. e4 e6 2. d4 d5 3. Nd2 dxe4 4. Nxe4 Be7 5. Nf3 Nd7 6. Bc4 Ngf6 7. Neg5 Nb6 8.
Bd3 h6 9. Nxf7 Kxf7 10. Ne5+ Kg8 11. Ng6 Bd6 12. Nxh8 Kxh8 13. Be3 e5 14. dxe5
Bxe5 15. c3 Nbd5 16. Bc2 Bg4 17. Qd3 Qd6 18. f3 Nxe3 19. Qxe3 Re8 20. Kf1 Bd7
21. Qd3 Qb6 22. Bb3 c5 23. Qc2 Qc7 24. Bc4 Bxh2 25. g4 Nxg4 26. fxg4 Qf4+ 27.
Qf2 Qxc4+ 0-1

[Event "5. Bayer Open"]
[Site "Leverkusen"]
[Date "2008.02.25"]
[Round "4"]
[White "Zühlke, Ernst-Wilhelm"]
[Black "Teuber, Alfons"]
[Result "1-0"]
[WhiteElo "1655"]
[BlackElo "1087"]
[PlyCount "59"]
[EventDate "2008.01.14"]
[EventType "swiss"]
[EventRounds "7"]
[EventCountry "GER"]
[Source "Birnkott,Manfre"]
[SourceDate "2008.04.23"]

1. c4 e6 2. Nc3 Nc6 3. Nf3 Bb4 4. Qc2 Nf6 5. d4 d6 6. Bg5 h6 7. Bh4 g5 8. Bg3
Nh5 9. e3 Ne7 10. O-O-O Nf5 11. Qa4+ Bd7 12. Qxb4 Nhxg3 13. hxg3 b6 14. g4 Nh4
15. Nxh4 gxh4 16. Be2 a5 17. Qb3 Rb8 18. Ne4 Bc6 19. d5 Bd7 20. Qc3 e5 21. f4
f6 22. f5 Kf7 23. Rxh4 Kg7 24. Ng3 Be8 25. e4 Ra8 26. Rdh1 Rh7 27. Qe3 Qe7 28.
Rxh6 Rxh6 29. Qxh6+ Kg8 30. Qh8+ 1-0

[Event "5. Bayer Open"]
[Site "Leverkusen"]
[Date "2008.02.25"]
[Round "4"]
[White "Lessing, Sebastian"]
[Black "van Hove, Ode"]
[Result "1-0"]
[WhiteElo "1614"]
[BlackElo "1387"]
[PlyCount "111"]
[EventDate "2008.01.14"]
[EventType "swiss"]
[EventRounds "7"]
[EventCountry "GER"]
[Source "Birnkott,Manfre"]
[SourceDate "2008.04.23"]

1. e4 e5 2. Nc3 Nf6 3. Nf3 d6 4. d3 h6 5. Be2 Be7 6. O-O Be6 7. d4 exd4 8. Nxd4
Bd7 9. f4 O-O 10. Rf3 Nh7 11. f5 Nc6 12. Rg3 Kh8 13. Nd5 Bh4 14. Nxc6 bxc6 15.
Ne3 Bxg3 16. hxg3 Qe7 17. Bf3 Ng5 18. Qd4 Rfe8 19. Ng4 Nxf3+ 20. gxf3 c5 21.
Qc3 h5 22. Ne3 Qe5 23. Qxe5 Rxe5 24. Nc4 Ree8 25. Bf4 f6 26. Kf2 Re7 27. Rh1
Be8 28. g4 Bf7 29. Nd2 Be8 30. gxh5 Bc6 31. c4 Kg8 32. h6 Rb8 33. b3 a5 34. Rg1
a4 35. Rg6 Rf7 36. hxg7 axb3 37. axb3 Ra8 38. Bg3 Ra2 39. Ke3 Ra1 40. Bh4 Rh1
41. Bxf6 Be8 42. Bb2 Re7 43. Rg5 c6 44. f6 Ra7 45. e5 dxe5 46. Bxe5 Rd7 47. Bc3
Re1+ 48. Kf2 Rc1 49. Ne4 Rdd1 50. Rg2 Rh1 51. Be5 Rc2+ 52. Kg3 Rxg2+ 53. Kxg2
Rc1 54. Nxc5 Rc2+ 55. Kg3 Re2 56. f4 1-0

[Event "5. Bayer Open"]
[Site "Leverkusen"]
[Date "2008.02.25"]
[Round "4"]
[White "Kayser, Manfred"]
[Black "Hasanovic, Huzeir"]
[Result "1-0"]
[WhiteElo "1182"]
[BlackElo "1592"]
[PlyCount "81"]
[EventDate "2008.01.14"]
[EventType "swiss"]
[EventRounds "7"]
[EventCountry "GER"]
[Source "Birnkott,Manfre"]
[SourceDate "2008.04.23"]

1. d4 Nf6 2. c4 g6 3. e3 Bg7 4. Nc3 d6 5. Be2 O-O 6. Nf3 a6 7. O-O Nc6 8. a3 e5
9. d5 Ne7 10. e4 Ne8 11. Be3 f5 12. Qc1 f4 13. Bd2 h6 14. h3 g5 15. Nh2 Ng6 16.
Bf3 Nf6 17. Ng4 Nh4 18. Nxf6+ Qxf6 19. Qd1 Kh7 20. Bg4 Bxg4 21. Qxg4 Qg6 22. g3
h5 23. Qd1 f3 24. Qc1 Bh6 25. Kh2 Ng2 26. Rg1 h4 27. gxh4 Rf4 28. Bxf4 gxf4 29.
Qd1 Qh5 30. Rxg2 Rh8 31. Rg4 Qf7 32. Qxf3 Qe7 33. Rag1 b6 34. h5 Rf8 35. Rg6
Qh4 36. Re6 Rf7 37. Rgg6 Bg5 38. Nd1 Rf8 39. h6 Bf6 40. Qg2 Bh8 41. Rg7+ 1-0